| 000 | 00489nam a2200181 a 4500 | ||
|---|---|---|---|
| 005 | 20140310183137.0 | ||
| 008 | 020819s19uu xx 00 eng d | ||
| 050 |
_aHF 5387 _b.G722 2000 |
||
| 100 | _aGow, Carmelita Miranda | ||
| 245 |
_aBusiness ethics / _cCarmelita Miranda Gow |
||
| 260 |
_aMetro Manila : _bNational Book Store, _c2000. |
||
| 300 |
_a269 p. : _c22 cm. |
||
| 521 | _aBSBA | ||
| 650 | _aBusiness ethics | ||
| 942 |
_cBK _2lcc _kLOC |
||
| 999 |
_c19298 _d19298 |
||